书目信息 |
| 题名: |
记者生活散记
|
|
| 作者: | 徐熊 著 | |
| 分册: | ||
| 出版信息: | 北京 新华出版社 1985 |
|
| 页数: | 144页 | |
| 开本: | 19cm | |
| 丛书名: | ||
| 单 册: | ||
| 中图分类: | G219.29 , G214.2 | |
| 科图分类: | ||
| 主题词: | 新闻采访 , 新闻写作 , 新闻工作者--回忆录--中国--现代 , 新闻学 , 新闻工作 | |
| 电子资源: | ||
| ISBN: | ||
| 000 | 00751nam0 2200301 45 | |
| 001 | 0185003003 | |
| 005 | 20040427110000.9 | |
| 010 | @dCNY0.60 | |
| 091 | @a7203.108 | |
| 100 | @a19900816d1985 km y0chiy0121 ea | |
| 101 | 0 | @achi |
| 102 | @aCN@b110000 | |
| 105 | @ay z 000yy | |
| 106 | @ar | |
| 200 | 10 | @a记者生活散记@Aji zhe sheng huo san ji@f徐熊著 |
| 210 | @a北京@c新华出版社@d1985 | |
| 215 | @a144页@d19cm | |
| 606 | @a新闻采访 | |
| 606 | @a新闻写作 | |
| 606 | @a新闻工作者@x回忆录@y中国@z现代 | |
| 606 | 0 | @a新闻学 |
| 606 | 0 | @a新闻工作 |
| 690 | @aG219.29@v3 | |
| 690 | @aG214.2 | |
| 701 | 0 | @a徐熊@Axu xiong@4著 |
| 801 | 0 | @aCN@b深圳图书馆@c20040427 |
| 801 | 2 | @aCN@bNLC@c20040427 |
| 905 | @f4@b138918-921@dG214.2@e41 | |
| 记者生活散记/徐熊著.-北京:新华出版社,1985 |
| 144页;19cm |
| ISBN :CNY0.60 |
| ● |
| 相关链接 |
|
|
|
|
正题名:记者生活散记
索取号:G214.2/41
 
预约/预借
| 序号 | 登录号 | 条形码 | 馆藏地/架位号 | 状态 | 备注 |
| 1 | 0138918 | 000495636 | 密集书库/ [索取号:G214.2/41] | 在馆 | |
| 2 | 0138919 | 000495645 | 密集书库/ [索取号:G214.2/41] | 在馆 | |
| 3 | 0138920 | 000495627 | 密集书库/ [索取号:G214.2/41] | 在馆 | |
| 4 | 0138921 | 000495609 | 第四借阅区/ [索取号:G214.2/41] | 在馆 | |
| 5 | 0138922 | 000495618 | 第一样本阅览室/ [索取号:G214.2/41] | 在馆 |